| 000 | 00924cam a2200301 4500 | ||
|---|---|---|---|
| 008 | 090401t1987 xxu||||| |||| 00| 0 eng d | ||
| 020 | _a0854063676 | ||
| 035 | _a(Sirsi) u45708 | ||
| 041 | _aeng | ||
| 050 | _a333.335 | ||
| 090 | _aRICS 1988/2 ABCD | ||
| 110 |
_aRoyal Institution of Chartered Surveyors _94900 |
||
| 245 | _aJoint RICS/CAAV guidance notes on agricultural rents | ||
| 260 |
_aLondon _bRoyal Institution of Chartered Surveyors _c1987 |
||
| 300 | _a12,(5)p. ; 30cm. | ||
| 350 | _a4 | ||
| 490 | _aLand Agency and Agriculture Guidance Notes | ||
| 520 | _aLand Agency and Agriculture Division. | ||
| 650 | _aPROPERTY-LANDLORD AND TENANT-TENANCIES-AGRICULTURAL TENANCIES | ||
| 650 | _aFARM LAND | ||
| 650 | _aGUIDANCE NOTES | ||
| 650 | _aRENT | ||
| 650 | _aRICS | ||
| 650 |
_aValuation _96273 |
||
| 710 | _aCentral Association of Agricultural Valuers | ||
| 942 | _n0 | ||
| 948 | _c04/03/1997 | ||
| 999 |
_c91809 _d91809 |
||